| 000 | 00697nam a22002057a 4500 | ||
|---|---|---|---|
| 003 | NUST-PNEC | ||
| 005 | 20170116181023.0 | ||
| 008 | 140512b xxu||||| |||| 00| 0 eng d | ||
| 020 | _a1259002071 | ||
| 040 | _cPNEC | ||
| 082 | _a621.43 HEY | ||
| 100 |
_941 _aHeywood, John B. |
||
| 245 |
_aInternal combustion engine fundamentals _cHeywood John B. |
||
| 250 | _a2011 | ||
| 260 |
_aNew Dehli _bTata Mcgraw Hill Education _cc.2011 |
||
| 300 |
_a930 p. : _bill. : _c23 cm. |
||
| 500 | _aIncludes Index http://www.amazon.com/Internal-Combustion-Engine-Fundamentals-Heywood/dp/1259002071/ref=sr_1_1?s=books&ie=UTF8&qid=1399886171&sr=1-1&keywords=9781259002076 | ||
| 650 | _xME | ||
| 942 |
_2ddc _cBK |
||
| 999 |
_c67486 _d67486 |
||